Online
Catalog

Treinta relatos sinfónicos / (Record no. 20514)

MARC details
000 -CABECERA
campo de control de longitud fija 01947nam a2200253 a 4500
001 - NÚMERO DE CONTROL
campo de control 000021011
005 - FECHA Y HORA DE LA ÚLTIMA TRANSACCIÓN
campo de control 20240412074250.0
008 - DATOS DE LONGITUD FIJA--INFORMACIÓN GENERAL
campo de control de longitud fija 100830s2000 dr 001 j spa d
020 ## - NÚMERO INTERNACIONAL ESTÁNDAR DEL LIBRO
Número Internacional Estándar del Libro 9993400467
040 ## - FUENTE DE LA CATALOGACIÓN
Centro catalogador/agencia de origen DO-SdBNP
Lengua de catalogación spa
Centro/agencia transcriptor BNPHU
082 ## - NÚMERO DE LA CLASIFICACIÓN DECIMAL DEWEY
Número de clasificación RD863.44
Número de documento/Ítem G491t
100 1# - ENTRADA PRINCIPAL--NOMBRE DE PERSONA
Nombre de persona Gimbernard, Jacinto,
Títulos y otros términos asociados al nombre 1931-
9 (RLIN) 28978
245 10 - MENCIÓN DE TÍTULO
Título Treinta relatos sinfónicos /
Mención de responsabilidad, etc. Jacinto Gimbernard.
260 ## - PUBLICACIÓN, DISTRIBUCIÓN, ETC.
Lugar de publicación, distribución, etc. Santo Domingo :
Nombre del editor, distribuidor, etc. Centenario,
Fecha de publicación, distribución, etc. 2000.
300 ## - DESCRIPCIÓN FÍSICA
Extensión 154 p. ;
Dimensiones 22 cm.
500 ## - NOTA GENERAL
Nota general Incluye datos biográficos del autor en la solapa de la cubierta.
505 0# - NOTA DE CONTENIDO CON FORMATO
Información miscelánea A modo de preludio --
Título Sinfónica 1941 --
-- Semana Santa con Don Chuchú --
-- Cuando los músicos pagaban por tocar --
-- Personajes clásicos --
-- Inauguración en Higüey y dormida en funeraria --
-- Otto y la espontaneidad de la gracia --
-- Cerveza en pulpería --
-- Flaviá, Sheen y la inspiración --
-- Prestamismo humano --
-- Solistas de pasillo y mis díanos y veníamos --
-- Imagen militar --
-- Público escaso y público multitudinario --
-- Máximo y el sonido silente --
-- Travesuras de El Ruiseñor Dominicano --
-- La imitación del oboísta y la pistola --
-- Jorge, el Ojo Clínico y el misterio --
-- En competencia con una salsa --
-- Pierino y el Generalísimo --
-- El concertino Luis Beltrán --
-- Habilidad de Enriquillo y conformismo de Camilo --
-- Pánico en los solos repentinos --
-- Visiones de casos --
-- Temperamentadas y conflictos en la Era --
-- Petán Trujillo y el sinfonismo --
-- Receptividad, la loca y Elías Piña y Arístides --
-- Pierino Gamba y el portero trombonista --
-- Un cubano ingenioso y un astucia florentina --
-- Zorrilla y la simplicidad infantil.
590 ## - NOTA LOCAL (RLIN)
Nota local Inventariado, 2019/BT
650 #4 - PUNTO DE ACCESO ADICIONAL DE MATERIA--TÉRMINO DE MATERIA
Término de materia o nombre geográfico como elemento de entrada Música dominicana
Subdivisión general Anécdotas, chistes, sátiras, etc.
9 (RLIN) 43969
650 #4 - PUNTO DE ACCESO ADICIONAL DE MATERIA--TÉRMINO DE MATERIA
Término de materia o nombre geográfico como elemento de entrada Musicos dominicanos
Subdivisión general Anécdotas, chistes, sátiras, etc.
9 (RLIN) 43970
650 #0 - PUNTO DE ACCESO ADICIONAL DE MATERIA--TÉRMINO DE MATERIA
Término de materia o nombre geográfico como elemento de entrada Cuentos dominicanos
9 (RLIN) 176
650 #0 - PUNTO DE ACCESO ADICIONAL DE MATERIA--TÉRMINO DE MATERIA
Término de materia o nombre geográfico como elemento de entrada Literatura dominicana.
9 (RLIN) 67
910 ## - DATOS DE OPCIÓN DEL USUARIO (OCLC)
Datos de opción del usuario Validado. Control de calidad EMS
Holdings
Estado de retiro Estado de pérdida Restricciones de uso No para préstamo Código de colección Localización permanente Ubicación/localización actual Ubicación en estantería Fecha de adquisición Número de inventario Total de préstamos Signatura topográfica completa Código de barras Fecha visto por última vez Número de copia Precio válido a partir de Tipo de ítem Koha Nota pública
        Dominicana de Servicio General General Depósito 28.09.2011 LF1   RD863.44 G491t 21011-30 25.06.2020 e.3 25.06.2020 Libro y Folleto Colección Dominicana de Servicio  
        Dominicana de Servicio General General Depósito 28.09.2011 LF1   RD863.44 G491t 21011-40 25.06.2020 e.4 25.06.2020 Libro y Folleto Colección Dominicana de Servicio  
        Dominicana de Servicio General General Depósito 28.09.2011 LF1   RD863.44 G491t 21011-50 25.06.2020 e.5 25.06.2020 Libro y Folleto Colección Dominicana de Servicio  
      Excluido de préstamo Patrimonio Dominicano Patrimonio Dominicano Patrimonio Dominicano Depósito 30.08.2010 LF1   RD863.44 G491t 21011-10 25.06.2020   25.06.2020 Libro y Folleto Colección Patrimonio Dominicano Dedicado a Diógenes Céspedes.
      Excluido de préstamo Patrimonio Dominicano Patrimonio Dominicano Patrimonio Dominicano Depósito 28.09.2011 LF1   RD863.44 G491t 21011-20 25.06.2020 e.2 25.06.2020 Libro y Folleto Colección Patrimonio Dominicano  

Powered by Koha